| 000 | 00411nam a2200169Ia 4500 | ||
|---|---|---|---|
| 003 | LK-CoDNM | ||
| 008 | 010623t1950 xxu||||| |||| 00| 1 eng d | ||
| 040 |
_aLK-CoDNM _dLK-CoDNM _eLK-CoDNM |
||
| 041 | _aeng | ||
| 080 | _aC 37 | ||
| 245 | _aCeylon Observer annual,1950 | ||
| 260 |
_bObserver _aColombo _c1950 |
||
| 300 | _bill,pl., 32 cm | ||
| 650 | _aDevil Dance | ||
| 650 | _aKandyan Dancing | ||
| 942 | _cBK | ||
| 999 |
_c101768 _d101768 |
||